000 00636nam a22002177a 4500
005 20251108165227.0
008 250721s1989 xx 000 0 ara d
082 1 4 _a612.6401/فيل
100 1 _aفيليبس، هايزل
245 1 0 _aبنت أم ولد :
_bنوع الجنين /
264 1 _aاللاذقية :
_bدار الحوار،
_c1989.
300 _a115ص
490 0 _aالمكتبة الطبية
650 1 7 _aعلم الأجنة
650 1 7 _aالتناسل
650 1 7 _aالحمل
700 1 _aهيلتون، تيسا
700 1 _aناصر، إسكندر
_eترجمة
942 _2ddc
_cBK
999 _c22648
_d22648